00240nam a2200097Ia 4500008004100000100003100041245002000072260002600092942000700118999001700125190216s9999||||xx |||||||||||||| ||und|| aUnnikrishnan Thiruvazhiyod 0aNagakshathangal bPoorna Pubs Kozhikode cBK c26004d26004